000 00451nam a2200157 a 4500
001 000021358
005 20200930011316.0
008 100906s1982 sp 000 0 spa d
040 _aDO-SdBNP
_bspa
_cBNPHU
082 _annnn
_bS129c
100 1 _aSagrera, Martín,
_920801
245 1 3 _aLa crisis poblacional :
_bhechos e ideologias /
_cMartin Sagrera.
260 _aMadrid :
_bMartín Sagrera,
_c1982.
300 _a103 p. : ;
_c17 cm.
049 _aBNGR
999 _c20858
_d20858